00485nam a2200193 a 4500001001300000003000900013005001700022008004100039020001000080082001300090100001800103245003100121260004200152300000800194500003500202505001000237650002600247700001800273nice12345678IN_TiNIC20260116011607.0050524s1961 oxfa grp 000 0 eng  ac10000a231bBRO aBrown, Leslie aGod as Christians See Him. aOxfordbOxford University Pressc1961 a70p aincludes index and biblioraphy2 aIndex aGod-Biblical Teaching1 aBrown, Leslie